Apertura oficial de las jornadas "Chile vive y crea" [ (Record no. 4398)

MARC details
000 -LEADER
campo de control de longitud fija 01445nkm a2200277 i 4500
001 - NÚMERO DE CONTROL
campo de control 4398
003 - IDENTIFICADOR DE NÚMERO DE CONTROL
campo de control ES-MaACL
005 - FECHA Y HORA DE LA ÚLTIMA TRANSACCIÓN
campo de control 20250713063032.0
007 - CAMPO FIJO DE DESCRIPCIÓN FÍSICA--INFORMACIÓN GENERAL
campo de control de longitud fija khrbo
008 - DATOS DE LONGITUD FIJA--INFORMACIÓN GENERAL
campo de control de longitud fija 070711s1988 sp --- g |001||spa d
100 0# - ENTRADA PRINCIPAL--NOMBRE DE PERSONA
Nombre de persona Alfonso,
Fechas asociadas al nombre 1902-1990
9 (RLIN) 19858
245 10 - MENCIÓN DEL TÍTULO
Título Apertura oficial de las jornadas "Chile vive y crea" [
Medio Fotografía] /
Mención de responsabilidad, etc. Alfonso (sello).
260 ## - PUBLICACIÓN, DISTRIBUCIÓN, ETC.
Lugar de publicación, distribución, etc. [S.l. :
Nombre del editor, distribuidor, etc. s.n.],
Fecha de publicación, distribución, etc. 1988.
300 ## - DESCRIPCIÓN FÍSICA
Extensión 23 fot. :
Otras características físicas b. y n. ;
Dimensiones 12 x 18 cm.
490 1# - MENCIÓN DE SERIE
Mención de serie Chile vive y crea
500 ## - NOTA GENERAL
Nota general Datos basados en invitación.
511 0# - NOTA DE PARTICIPANTES O INTÉRPRETES
Nota de participantes o intérpretes Intervienen: Presidente del Ateneo (José Prat), Presidente del Comité Español, Presidente del I.C.I. (Luis Yáñez Barnuevo), Presidente de la Sección Iberoamericana (José Luis Abellán), Presidente de la Comunidad de Madrid y Alcalde de Madrid (Juan Barranco)
518 ## - NOTA DE FECHA/HORA Y LUGAR DE UN ACONTECIMIENTO
Nota de fecha/hora y lugar de un acontecimiento Acto organizado por la Sección Iberoamericana del Ateneo de Madrid, celebrado en el salón de de la cacharrería el martes, 12 de julio de 1988, a las 20:00 h.
610 24 - PUNTO DE ACCESO ADICIONAL DE MATERIA--NOMBRE DE ENTIDAD CORPORATIVA
Nombre de entidad corporativa o nombre de jurisdicción como elemento de entrada Ateneo de Madrid-
Subdivisión general Actos culturales-
Subdivisión cronológica 1988-
Subdivisión de forma Fotografías.
9 (RLIN) 1903
710 2# - ENTRADA AGREGADA--NOMBRE DE ENTIDAD CORPORATIVA
Nombre de entidad corporativa o nombre de jurisdicción como elemento de entrada Ateneo de Madrid.
Unidad subordinada Sección Iberoamericana.
9 (RLIN) 2012
830 0# - PUNTO DE ACCESO ADICIONAL DE SERIE-TÍTULO UNIFORME
Título uniforme Chile vive y crea
9 (RLIN) 177045
852 ## - LOCALIZACIÓN
Ubicación ES-MaACL
Número de control de estantería FOT 212/1988
856 4# - LOCALIZACIÓN Y ACCESO ELECTRÓNICOS
Identificador Uniforme de Recursos <a href="http://www.ateneodemadrid.net/biblioteca_digital/imagenes/1988/0212_01-1988.jpg">http://www.ateneodemadrid.net/biblioteca_digital/imagenes/1988/0212_01-1988.jpg</a>
Nota pública Ver imagen
856 4# - LOCALIZACIÓN Y ACCESO ELECTRÓNICOS
Identificador Uniforme de Recursos <a href="http://www.ateneodemadrid.net/biblioteca_digital/imagenes/1988/0212_02-1988.jpg">http://www.ateneodemadrid.net/biblioteca_digital/imagenes/1988/0212_02-1988.jpg</a>
Nota pública Ver imagen
Holdings
Estatus retirado Estado de pérdida Estado de daño No para préstamo Colección Biblioteca de origen Biblioteca actual Ubicación en estantería Fecha de adquisición Fuente de adquisición Total de préstamos Signatura topográfica completa Código de barras Visto por última vez Precio de reemplazo Tipo de ítem Koha
        Colección digital Biblioteca del Ateneo de Madrid Biblioteca del Ateneo de Madrid Depósito Z 17/01/2008     FOT 212/1988 1004461 23/02/2023 23/02/2023 Fotografía